Sport le plus populaire par pays- Europe - Statistiques

Statistiques générales
  • Ce quiz a été pris 95 fois
  • Le résultat moyen est 25 sur 43
Statistiques - réponses
Hint Réponse % Correct
Angleterre football ou soccer
93%
France football ou soccer
89%
Espagne football ou soccer
89%
Portugal football ou soccer
87%
Allemagne football ou soccer
81%
Danemark football ou soccer
80%
Norvège football ou soccer
80%
Suède football ou soccer
80%
Luxembourg football ou soccer
79%
Belgique football ou soccer
79%
Suisse football ou soccer
76%
Autriche football ou soccer
75%
Pays-Bas football ou soccer
75%
Serbie football ou soccer
75%
Pologne football ou soccer
75%
Croatie football ou soccer
74%
Malte football ou soccer
74%
Kosovo football ou soccer
73%
Roumanie football ou soccer
73%
Ukraine football ou soccer
71%
Estonie football ou soccer
71%
Bosnie-Herzégovine football ou soccer
71%
Andorre football ou soccer
71%
Macédoine du Nord football ou soccer
70%
Bulgarie football ou soccer
70%
Albanie football ou soccer
68%
Slovaquie football ou soccer
67%
Moldavie football ou soccer
67%
Vatican football ou soccer
67%
Russie Le hockey sur glace
38%
Lituanie basket-ball
35%
Lettonie basket-ball
32%
Biélorussie Le hockey sur glace
32%
Finlande hockey sur glace
31%
Grèce basket-ball
30%
Monaco Formule 1
25%
Hongrie handball
15%
Islande football ou soccer
6%
Liechtenstein Ski alpin
6%
Monténégro water-polo
4%
Irlande Le hurling
2%
Saint-Marin Kitesurf
1%
Slovénie randonnée
1%
Aucun quiz correspondant
Distribution des résultats
% des personnes avec chaque résultat
Percentile par nombre de réponses
Votre historique - résultats
Vous n’avez pas pris ce quiz